00506 2200169 4500001002100000008004100021035002000062245007600082100002600158260003300184300001200217020001800229084001400247082000800261650004900269990001800318INLIS000000000000759 Ind  a0010-0724000759 aGaya Bahasa Dan Peribahasa Dalam Bahasa IndonesiacDiah Erna Triningsih aTriningsih, Erna Diah aKlatenbIntan Pariwarac2009 a60 hlm. a979-28-0599-4 a411 DIA g a411 aSistem Tulisan Dan Fonologi Bahasa Indonesia aP29/CP/24/759